Oxidación y reducción de compuestos orgánicos / (Registro nro. 127720)

Detalles MARC
000 -LEADER
campo de control de longitud fija 00722nam a2200229 4500
001 - NÚMERO DE CONTROL
campo de control 127720
003 - IDENTIFICADOR DE NÚMERO DE CONTROL
campo de control ES-MaACL
005 - FECHA Y HORA DE LA ÚLTIMA TRANSACCIÓN
campo de control 20230906193054.0
007 - CAMPO FIJO DE DESCRIPCIÓN FÍSICA--INFORMACIÓN GENERAL
campo de control de longitud fija t|
008 - DATOS DE LONGITUD FIJA--INFORMACIÓN GENERAL
campo de control de longitud fija 070214s1977 sp r ||||1| spa d
100 1# - ENTRADA PRINCIPAL--NOMBRE DE PERSONA
Nombre de persona Rinehart, Kenneth L.
9 (RLIN) 97275
245 10 - MENCIÓN DEL TÍTULO
Título Oxidación y reducción de compuestos orgánicos /
Mención de responsabilidad, etc. Kenneth L. Rinehart ; versión de F. Gómez de las Heras, J. M. Marinas Rubio.
250 ## - MENCION DE EDICION
Mención de edición 1ª. ed.
260 ## - PUBLICACIÓN, DISTRIBUCIÓN, ETC.
Lugar de publicación, distribución, etc. Madrid :
Nombre del editor, distribuidor, etc. Alhambra,
Fecha de publicación, distribución, etc. 1977.
300 ## - DESCRIPCIÓN FÍSICA
Extensión XII, 168 p. :
Otras características físicas il. ;
Dimensiones 20 cm.
490 1# - MENCIÓN DE SERIE
Mención de serie Exedra
700 1# - ENTRADA AGREGADA--NOMBRE PERSONAL
Nombre de persona Gómez de las Heras, F.
9 (RLIN) 57906
700 1# - ENTRADA AGREGADA--NOMBRE PERSONAL
Nombre de persona Marinas Rubio, J. M.
9 (RLIN) 76831
830 0# - PUNTO DE ACCESO ADICIONAL DE SERIE-TÍTULO UNIFORME
Título uniforme Exedra
9 (RLIN) 177436
852 ## - LOCALIZACIÓN
Ubicación ES-MaACL
Número de control de estantería A-6935
Sublocalización o colección R.96098
Existencias
Estatus retirado Estado de pérdida Estado de daño No para préstamo Biblioteca de origen Biblioteca actual Ubicación en estantería Fecha de adquisición Fuente de adquisición Total de préstamos Signatura topográfica completa Código de barras Visto por última vez Precio de reemplazo Tipo de ítem Koha
        Biblioteca del Ateneo de Madrid Biblioteca del Ateneo de Madrid Sala Pecera Planta 1 17/01/2008     A-6935 1133028 23/02/2023 23/02/2023 Libro impreso